BIBLIOTECA PODER JUDICIAL
Portal Judicial TDF

El derecho a oponerse a colaborar con la acusación / (Registro nro. 5272)

000 -LEADER
fixed length control field 01597nab a22002777a 4500
003 - CONTROL NUMBER IDENTIFIER
control field OSt
005 - DATE AND TIME OF LATEST TRANSACTION
control field 20250211125449.0
008 - FIXED-LENGTH DATA ELEMENTS--GENERAL INFORMATION
fixed length control field 190429b xxu||||| |||| 00| 0 spa d
040 ## - CATALOGING SOURCE
Transcribing agency PJ
100 ## - MAIN ENTRY--PERSONAL NAME
Personal name Favarotto, Ricardo S.
9 (RLIN) 4808
245 13 - TITLE STATEMENT
Title El derecho a oponerse a colaborar con la acusación /
Statement of responsibility, etc Ricardo S. Favarotto.
260 ## - PUBLICATION, DISTRIBUTION, ETC. (IMPRINT)
Date of publication, distribution, etc Ciudad Autónoma de Buenos Aires :
Place of publication, distribution, etc Thomson Reuters La Ley,
Name of publisher, distributor, etc 2025.
300 ## - PHYSICAL DESCRIPTION
Extent p. 93-125
500 ## - GENERAL NOTE
General note Cita: AR/DOC/65/2025.
505 ## - FORMATTED CONTENTS NOTE
Formatted contents note Sumario: I. Aproximación.— II. Expresiones normativas del nemo tenetur se ipsum accusare.— III. Nadie deberá ser coaccionado a declarar contra sí...— IV. Las divergencias respecto de la amplitud del derecho.— V. Proyecciones sobre el derecho a la intimidad.— VI. Otras derivaciones del principio.— VII. El imputado, ¿sujeto activo o pasivo de prueba?— VIII. El principio de incoercibilidad frente a las inspecciones e intervenciones corporales del imputado.— IX. Jurisprudencia continental sobre la materia.— X. Extracto conclusivo.<br/><br/>
505 ## - FORMATTED CONTENTS NOTE
Title Si te interesa el texto completo, solicitalo a koha@justierradelfuego.gov.ar
650 #0 - SUBJECT ADDED ENTRY--TOPICAL TERM
9 (RLIN) 343
Topical term or geographic name as entry element DERECHO PENAL
650 #0 - SUBJECT ADDED ENTRY--TOPICAL TERM
9 (RLIN) 2724
Topical term or geographic name as entry element DERECHO A LA INTIMIDAD
650 #0 - SUBJECT ADDED ENTRY--TOPICAL TERM
9 (RLIN) 2718
Topical term or geographic name as entry element SITUACIÓN DEL IMPUTADO
650 #0 - SUBJECT ADDED ENTRY--TOPICAL TERM
9 (RLIN) 180
Topical term or geographic name as entry element DEBIDO PROCESO
650 #0 - SUBJECT ADDED ENTRY--TOPICAL TERM
9 (RLIN) 2478
Topical term or geographic name as entry element CODIGO PENAL
650 #0 - SUBJECT ADDED ENTRY--TOPICAL TERM
9 (RLIN) 2348
Topical term or geographic name as entry element PROCESO PENAL
650 #0 - SUBJECT ADDED ENTRY--TOPICAL TERM
9 (RLIN) 2781
Topical term or geographic name as entry element DECLARACIÓN INDAGATORIA
773 0# - HOST ITEM ENTRY
Host Biblionumber 2658
Host Itemnumber 3164
Title Revista de derecho penal y criminología. Nº 1 - Febrero 2025
Place, publisher, and date of publication Ciudad Autónoma de Buenos Aires : Thomson Reuters La Ley, 2017-
International Standard Serial Number 00347914
942 ## - ADDED ENTRY ELEMENTS (KOHA)
Source of classification or shelving scheme
Koha item type Analítica Artículo de Revista

No hay ítems disponibles.

12 de Octubre 789 Ushuaia - Tel:  54(02901)441571
Horario de Atención: 8.00 a 17.00 hs. 
bibliotecaush@justierradelfuego.gov.ar
koha@justierradelfuego.gov.ar
Seguinos en nuestras redes @bibliojustdf 

Con tecnología Koha